000 00529nam a22001575i 4500
001 158892
003 ES-MaACL
005 20230906211350.0
008 021003s1893 sp |||| | spa d
040 _aCYL
_bspa
_cCYL
100 1 _aMartín Contreras, E.
_9129600
245 1 0 _aBosquejos artísticos arqueológicos con ocasión de la esposición histórica /
_cE. Martín Contreras.
260 _aMadrid :
_b[s.n.],
_c1893 (Imprenta de Angel B. Velasco.
300 _a163 p. ;
_c18 cm.
852 _aES-MaACL
_jD-2472
_z-- Rust.
999 _c158892
_d158892